[Event "DFMMLV 2019"]
[Site "Braunfels"]
[Date "2019.06.21"]
[Round "2.31"]
[White "Freter, Anke"]
[Black "Hoerhold, Karola"]
[Result "1/2-1/2"]
[WhiteElo "1856"]
[BlackElo "1727"]
[Annotator "NA RC"]
[PlyCount "67"]
[EventDate "2019.06.20"]
[EventType "team-tourn"]
[EventCountry "GER"]
[SourceTitle "playchess.com"]
[Source "ChessBase"]
[SourceQuality "1"]
[WhiteTeam "Schleswig Holstein"]
[BlackTeam "NRW"]
[TimeControl "40/5400+30:1800+30"]

1. e4 {[%emt 0:00:00]} e5 {[%emt 0:00:00]} 2. Nf3 {[%emt 0:00:00]} Nc6 {[%emt 0:00:00]} 3. Bb5 {[%emt 0:00:00]} a6 {[%emt 0:00:00]} 4. Ba4 {[%emt 0:00:00]} d6 {[%emt 0:00:00]} 5. d4 {[%emt 0:01:01]} b5 {[%emt 0:00:41]} 6. Bb3 {[%emt 0:00:06]} Nxd4 {[%emt 0:00:45]} 7. Nxd4 {[%emt 0:00:46]} exd4 {[%emt 0:00:13]} 8. Bd5 {[%emt 0:04:10]} Rb8 {[%emt 0:06:00]} 9. Bc6+ {[%emt 0:13:23]} Bd7 {[%emt 0:00:35]} 10. Bxd7+ {[%emt 0:00:10]} Qxd7 {[%emt 0:00:08]} 11. Qxd4 {[%emt 0:01:12]} Ne7 {[%emt 0:14:41]} 12. O-O {[%emt 0:09:23]} Nc6 {[%emt 0:00:56]} 13. Qd1 {[%emt 0:01:44]} Be7 {[%emt 0:05:33]} 14. Nc3 {[%emt 0:04:48]} O-O {[%emt 0:02:39]} 15. Nd5 {[%emt 0:01:34]} Rfe8 {[%emt 0:01:02]} 16. Be3 {[%emt 0:07:19]} Bf8 {[%emt 0:04:13]} 17. f3 {[%emt 0:02:01]} Ne5 {[%emt 0:14:05]} 18. b3 {[%emt 0:05:52]} c6 {[%emt 0:10:21]} 19. Nf4 {[%emt 0:00:56]} f6 {[%emt 0:12:45]} 20. Qd2 {[%emt 0:07:26]} Qb7 {[%emt 0:07:20]} 21. a4 {[%emt 0:05:12]} b4 {[%emt 0:02:33]} 22. a5 {[%emt 0:01:43]} Rbd8 {[%emt 0:05:45]} 23. Ra4 {[%emt 0:13:19]} d5 {[%emt 0:03:18]} 24. exd5 {[%emt 0:00:31]} cxd5 {[%emt 0:00:15]} 25. Bb6 {[%emt 0:02:45]} Rd7 {[%emt 0:00:51]} 26. Rd1 {[%emt 0:01:02]} d4 {[%emt 0:01:18]} 27. Qf2 {[%emt 0:00:58]} Qc6 {[%emt 0:02:46]} 28. Ra2 {[%emt 0:03:16]} Rb8 {[%emt 0:01:38]} 29. Qe2 {[%emt 0:01:54]} Re8 {[%emt 0:00:14]} 30. Kf1 {[%emt 0:02:24]} Bc5 {[%emt 0:00:32]} 31. Bxc5 {[%emt 0:00:46]} Qxc5 {[%emt 0:00:15]} 32. Qd2 {[%emt 0:01:47]} Nc6 {[%emt 0:00:55]} 33. Nd3 {[%emt 0:01:52]} Qh5 {[%emt 0:00:26]} 34. h3 1/2-1/2

[Event "DFMMLV 2019"]
[Site "Braunfels"]
[Date "2019.06.21"]
[Round "2.32"]
[White "Haehnel, Andrea"]
[Black "Braeutigam, Katerina"]
[Result "0-1"]
[WhiteElo "1746"]
[BlackElo "1697"]
[Annotator "NA RC"]
[PlyCount "80"]
[EventDate "2019.06.20"]
[EventType "team-tourn"]
[EventCountry "GER"]
[SourceTitle "playchess.com"]
[Source "ChessBase"]
[SourceQuality "1"]
[WhiteTeam "NRW"]
[BlackTeam "Schleswig Holstein"]
[TimeControl "40/5400+30:1800+30"]

1. d4 {[%emt 0:00:00]} Nf6 {[%emt 0:00:00]} 2. c4 {[%emt 0:00:00]} e6 {[%emt 0:00:00]} 3. Nf3 {[%emt 0:00:02]} b6 {[%emt 0:00:00]} 4. g3 {[%emt 0:01:21]} Bb7 {[%emt 0:00:52]} 5. Bg2 {[%emt 0:00:22]} c5 {[%emt 0:01:55]} 6. O-O {[%emt 0:06:08]} d5 {[%emt 0:02:32]} 7. cxd5 {[%emt 0:01:07]} Bxd5 {[%emt 0:02:29]} 8. Nc3 {[%emt 0:00:26]} Bb7 {[%emt 0:01:08]} 9. Bf4 {[%emt 0:04:03]} Nc6 {[%emt 0:11:54]} 10. Nb5 {[%emt 0:05:43]} Rc8 {[%emt 0:11:18]} 11. dxc5 {[%emt 0:01:15]} Bxc5 {[%emt 0:04:54]} 12. Qxd8+ {[%emt 0:00:50]} Rxd8 {[%emt 0:05:41]} 13. Ne5 {[%emt 0:08:39]} Nxe5 {[%emt 0:11:27]} 14. Bxb7 {[%emt 0:00:50]} Ng6 {[%emt 0:04:25]} 15. Bc6+ {[%emt 0:01:37]} Ke7 {[%emt 0:00:58]} 16. Bc7 {[%emt 0:07:31]} Rd2 {[%emt 0:01:58]} 17. Nxa7 {[%emt 0:03:02]} Rxb2 {[%emt 0:10:47]} 18. a4 {[%emt 0:12:46]} Rxe2 {[%emt 0:03:28]} 19. Bf3 {[%emt 0:00:05]} Rc2 {[%emt 0:01:31]} 20. Rad1 {[%emt 0:00:49]} Ne8 {[%emt 0:07:54]} 21. Nc6+ {[%emt 0:01:11]} Kf8 {[%emt 0:04:25]} 22. Rd8 {[%emt 0:01:04]} f6 {[%emt 0:06:43]} 23. Kh1 {[%emt 0:06:22]} Ne7 {[%emt 0:02:45]} 24. Nb8 {[%emt 0:03:50]} Kf7 {[%emt 0:01:25]} 25. Rfd1 {[%emt 0:03:34]} Rxf2 {[%emt 0:00:34]} 26. Bc6 {[%emt 0:00:35]} Rg8 {[%emt 0:00:41]} 27. Bf4 {[%emt 0:12:29]} g5 {[%emt 0:00:20]} 28. Bc1 {[%emt 0:00:05]} Ng7 {[%emt 0:00:22]} 29. Rxg8 {[%emt 0:00:46]} Kxg8 {[%emt 0:00:06]} 30. Na6 {[%emt 0:00:29]} Nxc6 {[%emt 0:00:16]} 31. Nxc5 {[%emt 0:01:04]} bxc5 {[%emt 0:00:07]} 32. Be3 {[%emt 0:01:11]} Ra2 {[%emt 0:00:25]} 33. Rd6 {[%emt 0:00:39]} Ne5 {[%emt 0:00:28]} 34. Bxc5 {[%emt 0:00:22]} Nf3 {[%emt 0:00:18]} 35. Rd8+ {[%emt 0:02:07]} Kf7 {[%emt 0:00:18]} 36. Bg1 {[%emt 0:01:43]} Ra1 {[%emt 0:00:10]} 37. Kg2 {[%emt 0:00:20]} Nxg1 {[%emt 0:00:18]} 38. Rd2 {[%emt 0:00:17]} g4 {[%emt 0:00:29]} 39. a5 {[%emt 0:00:33]} Nf3 {[%emt 0:00:14]} 40. Rd7+ {[%emt 0:00:05]} Kg6 {[%emt 0:00:16]} 0-1

[Event "DFMMLV 2019"]
[Site "Braunfels"]
[Date "2019.06.21"]
[Round "2.34"]
[White "Mucha, Annegret"]
[Black "Todorova, Kalina"]
[Result "1-0"]
[WhiteElo "2050"]
[BlackElo "1796"]
[Annotator "NA RC"]
[PlyCount "71"]
[EventDate "2019.06.20"]
[EventType "team-tourn"]
[EventCountry "GER"]
[SourceTitle "playchess.com"]
[Source "ChessBase"]
[SourceQuality "1"]
[WhiteTeam "Thueringen"]
[BlackTeam "Bayern 2"]
[TimeControl "40/5400+30:1800+30"]

1. Nc3 {[%emt 0:00:00]} e6 {[%emt 0:00:11]} 2. e4 {[%emt 0:00:00]} c5 {[%emt 0:02:20]} 3. f4 {[%emt 0:04:25]} d6 {[%emt 0:03:57]} 4. Nf3 {[%emt 0:00:34]} Nc6 {[%emt 0:01:21]} 5. Bb5 {[%emt 0:03:59]} Bd7 {[%emt 0:07:12]} 6. a4 {[%emt 0:09:58]} a6 {[%emt 0:06:55]} 7. Bc4 {[%emt 0:01:16]} Qc7 {[%emt 0:04:11]} 8. d3 {[%emt 0:02:02]} Nf6 {[%emt 0:04:47]} 9. O-O {[%emt 0:01:02]} Be7 {[%emt 0:10:01]} 10. Qe1 {[%emt 0:17:30]} Nb4 {[%emt 0:17:47]} 11. Bb3 {[%emt 0:02:18]} O-O-O {[%emt 0:05:06]} 12. e5 {[%emt 0:04:43]} Nfd5 {[%emt 0:02:08]} 13. Ne4 {[%emt 0:02:06]} f6 {[%emt 0:05:24]} 14. exd6 {[%emt 0:08:54]} Bxd6 {[%emt 0:00:08]} 15. Nxd6+ {[%emt 0:00:07]} Qxd6 {[%emt 0:00:04]} 16. Nd2 {[%emt 0:01:45]} Rhe8 {[%emt 0:07:00]} 17. Ne4 {[%emt 0:03:10]} Qc7 {[%emt 0:03:59]} 18. Qg3 {[%emt 0:01:53]} f5 {[%emt 0:03:20]} 19. Ng5 {[%emt 0:01:56]} Re7 {[%emt 0:01:52]} 20. Nxh7 {[%emt 0:01:51]} Nf6 {[%emt 0:00:13]} 21. Ng5 {[%emt 0:06:12]} Nbd5 {[%emt 0:01:35]} 22. Bd2 {[%emt 0:03:43]} Bc6 {[%emt 0:03:56]} 23. Bxd5 {[%emt 0:01:47]} Nxd5 {[%emt 0:01:52]} 24. Rae1 {[%emt 0:03:59]} Qb6 {[%emt 0:02:07]} 25. Nxe6 {[%emt 0:05:10]} Rde8 {[%emt 0:00:09]} 26. Nxg7 {[%emt 0:02:45]} Rxe1 27. Rxe1 {[%emt 0:00:33]} Rg8 {[%emt 0:01:48]} 28. Qg6 {[%emt 0:00:37]} Qd8 {[%emt 0:02:22]} 29. Qxf5+ {[%emt 0:02:45]} Kb8 {[%emt 0:00:08]} 30. Qe5+ {[%emt 0:01:26]} Ka7 {[%emt 0:00:33]} 31. g3 {[%emt 0:02:39]} Qb6 {[%emt 0:01:16]} 32. c4 {[%emt 0:00:45]} Nb4 {[%emt 0:00:17]} 33. Bxb4 {[%emt 0:00:34]} Qxb4 {[%emt 0:00:26]} 34. Ne6 {[%emt 0:00:09]} Re8 {[%emt 0:00:52]} 35. Kf2 {[%emt 0:00:57]} Bd7 {[%emt 0:00:58]} 36. Qxc5+ {[%emt 0:00:23]} 1-0

[Event "DFMMLV 2019"]
[Site "Braunfels"]
[Date "2019.06.21"]
[Round "2.35"]
[White "Alsheimer, Lea"]
[Black "Skibbe, Diana"]
[Result "0-1"]
[WhiteElo "1707"]
[BlackElo "1986"]
[Annotator "NA RC"]
[PlyCount "60"]
[EventDate "2019.06.20"]
[EventType "team-tourn"]
[EventCountry "GER"]
[SourceTitle "playchess.com"]
[Source "ChessBase"]
[SourceQuality "1"]
[WhiteTeam "Bayern 2"]
[BlackTeam "Thueringen"]
[TimeControl "40/5400+30:1800+30"]

1. d4 {[%emt 0:00:00]} f5 {[%emt 0:00:00]} 2. Bg5 {[%emt 0:00:31]} h6 {[%emt 0:00:00]} 3. Bh4 {[%emt 0:03:32]} g5 {[%emt 0:00:09]} 4. Bg3 {[%emt 0:00:04]} Nf6 {[%emt 0:00:36]} 5. Be5 {[%emt 0:00:22]} Bg7 {[%emt 0:00:19]} 6. e3 {[%emt 0:00:22]} d6 {[%emt 0:00:39]} 7. Bxf6 {[%emt 0:00:23]} Bxf6 {[%emt 0:00:16]} 8. Qh5+ {[%emt 0:00:04]} Kf8 {[%emt 0:00:20]} 9. Nc3 {[%emt 0:02:01]} c6 {[%emt 0:00:35]} 10. Bd3 {[%emt 0:01:56]} Bd7 {[%emt 0:08:17]} 11. h3 {[%emt 0:05:53]} Kg7 {[%emt 0:03:49]} 12. Nge2 {[%emt 0:02:54]} e6 {[%emt 0:02:45]} 13. Ng3 {[%emt 0:02:50]} Be8 {[%emt 0:04:42]} 14. Qf3 {[%emt 0:00:08]} h5 {[%emt 0:00:27]} 15. Bxf5 {[%emt 0:05:55]} exf5 {[%emt 0:01:08]} 16. Nxf5+ {[%emt 0:00:08]} Kh7 {[%emt 0:02:40]} 17. Nxd6 {[%emt 0:02:03]} Bg6 {[%emt 0:03:52]} 18. Nce4 {[%emt 0:03:13]} Rf8 {[%emt 0:00:39]} 19. Nxb7 {[%emt 0:03:32]} Qe7 {[%emt 0:02:59]} 20. Nbc5 {[%emt 0:00:04]} Bg7 {[%emt 0:01:18]} 21. Nxg5+ {[%emt 0:02:23]} Qxg5 {[%emt 0:02:31]} 22. Qe2 {[%emt 0:02:03]} Qxg2 {[%emt 0:03:12]} 23. Rf1 {[%emt 0:00:48]} Qxh3 {[%emt 0:00:27]} 24. O-O-O {[%emt 0:00:32]} Nd7 {[%emt 0:01:58]} 25. Rh1 {[%emt 0:00:14]} Qf5 {[%emt 0:00:52]} 26. e4 {[%emt 0:03:41]} Qf4+ {[%emt 0:01:15]} 27. Kb1 {[%emt 0:00:14]} Nxc5 {[%emt 0:00:37]} 28. Rxh5+ {[%emt 0:02:15]} Bxh5 {[%emt 0:02:17]} 29. Qxh5+ {[%emt 0:00:05]} Bh6 {[%emt 0:00:08]} 30. dxc5 {[%emt 0:01:37]} Rad8 {[%emt 0:01:38]} 0-1

[Event "DFMMLV 2019"]
[Site "Braunfels"]
[Date "2019.06.21"]
[Round "2.36"]
[White "Jacke, Corinna"]
[Black "Pavlov, Liliane"]
[Result "1/2-1/2"]
[WhiteElo "2001"]
[BlackElo "1619"]
[Annotator "NA RC"]
[PlyCount "49"]
[EventDate "2019.06.20"]
[EventType "team-tourn"]
[EventCountry "GER"]
[SourceTitle "playchess.com"]
[Source "ChessBase"]
[SourceQuality "1"]
[WhiteTeam "Thueringen"]
[BlackTeam "Bayern 2"]
[TimeControl "40/5400+30:1800+30"]

1. e4 {[%emt 0:00:00]} c5 {[%emt 0:00:00]} 2. Nf3 {[%emt 0:00:00]} d6 {[%emt 0:00:00]} 3. d4 {[%emt 0:00:00]} cxd4 {[%emt 0:00:04]} 4. Nxd4 {[%emt 0:00:00]} Nf6 {[%emt 0:00:14]} 5. Nc3 {[%emt 0:00:00]} a6 {[%emt 0:00:21]} 6. a4 {[%emt 0:03:05]} e5 {[%emt 0:01:13]} 7. Nde2 {[%emt 0:04:01]} Be7 {[%emt 0:03:32]} 8. g3 {[%emt 0:00:25]} Be6 {[%emt 0:08:26]} 9. Bg2 {[%emt 0:01:01]} Nc6 {[%emt 0:04:03]} 10. O-O {[%emt 0:00:56]} O-O {[%emt 0:00:39]} 11. h3 {[%emt 0:05:22]} Qd7 {[%emt 0:08:40]} 12. Kh2 {[%emt 0:03:59]} Rac8 {[%emt 0:09:18]} 13. Nd5 {[%emt 0:17:38]} Bd8 {[%emt 0:14:48]} 14. c3 {[%emt 0:09:50]} Na5 {[%emt 0:06:18]} 15. b3 {[%emt 0:27:14]} b5 {[%emt 0:08:09]} 16. axb5 {[%emt 0:12:33]} Qxb5 {[%emt 0:02:49]} 17. Nxf6+ {[%emt 0:02:51]} Bxf6 {[%emt 0:00:33]} 18. c4 {[%emt 0:00:07]} Qb6 {[%emt 0:02:53]} 19. Be3 {[%emt 0:00:39]} Qc7 {[%emt 0:00:27]} 20. Qd3 {[%emt 0:00:39]} Rb8 {[%emt 0:01:13]} 21. Rfb1 {[%emt 0:00:20]} Nxb3 {[%emt 0:06:47]} 22. Rxa6 {[%emt 0:06:21]} Qxc4 {[%emt 0:01:48]} 23. Rxd6 {[%emt 0:00:39]} Be7 {[%emt 0:10:46]} 24. Qxc4 {[%emt 0:00:36]} Bxc4 {[%emt 0:00:10]} 25. Rd7 1/2-1/2

[Event "DFMMLV 2019"]
[Site "Braunfels"]
[Date "2019.06.21"]
[Round "2.37"]
[White "Schaefer, Ann-Kathrin"]
[Black "Dietrich, Mareike"]
[Result "0-1"]
[WhiteElo "1714"]
[BlackElo "1706"]
[Annotator "NA RC"]
[PlyCount "68"]
[EventDate "2019.06.20"]
[EventType "team-tourn"]
[EventCountry "GER"]
[SourceTitle "playchess.com"]
[Source "ChessBase"]
[SourceQuality "1"]
[WhiteTeam "Bayern 2"]
[BlackTeam "Thueringen"]
[TimeControl "40/5400+30:1800+30"]

1. e4 {[%emt 0:00:00]} c5 {[%emt 0:00:00]} 2. Nc3 {[%emt 0:00:00]} a6 {[%emt 0:00:00]} 3. f4 {[%emt 0:00:00]} b5 {[%emt 0:00:00]} 4. Nf3 {[%emt 0:00:04]} Bb7 {[%emt 0:00:00]} 5. d3 {[%emt 0:01:18]} e6 {[%emt 0:00:56]} 6. Be2 {[%emt 0:01:07]} b4 {[%emt 0:04:50]} 7. Nb1 {[%emt 0:02:27]} d5 {[%emt 0:02:17]} 8. Nbd2 {[%emt 0:05:35]} Nf6 {[%emt 0:02:07]} 9. e5 {[%emt 0:03:48]} Ng4 {[%emt 0:06:17]} 10. Nf1 {[%emt 0:05:14]} Nc6 {[%emt 0:01:47]} 11. h3 {[%emt 0:09:30]} Nh6 {[%emt 0:00:46]} 12. g4 {[%emt 0:01:52]} Be7 {[%emt 0:08:53]} 13. Be3 {[%emt 0:13:51]} Rc8 {[%emt 0:04:19]} 14. Ng3 {[%emt 0:05:45]} Ng8 {[%emt 0:06:12]} 15. f5 {[%emt 0:10:34]} d4 {[%emt 0:03:41]} 16. Bf4 {[%emt 0:01:36]} g5 {[%emt 0:01:49]} 17. Bd2 {[%emt 0:03:10]} Nxe5 {[%emt 0:05:10]} 18. Nxe5 {[%emt 0:07:42]} Bxh1 {[%emt 0:00:02]} 19. Nxh1 {[%emt 0:01:14]} Qd5 {[%emt 0:00:55]} 20. Nf3 {[%emt 0:01:09]} exf5 {[%emt 0:00:38]} 21. gxf5 {[%emt 0:06:06]} Qxf5 {[%emt 0:02:25]} 22. Nf2 {[%emt 0:01:38]} h5 {[%emt 0:02:08]} 23. Nh2 {[%emt 0:03:52]} Bd6 {[%emt 0:01:38]} 24. Nf3 {[%emt 0:03:15]} g4 {[%emt 0:03:10]} 25. Ne4 {[%emt 0:02:16]} Be7 {[%emt 0:03:14]} 26. Nfg5 {[%emt 0:02:58]} f6 {[%emt 0:01:31]} 27. hxg4 {[%emt 0:02:44]} hxg4 {[%emt 0:00:01]} 28. Ng3 {[%emt 0:00:07]} Qe5 {[%emt 0:00:59]} 29. N5e4 {[%emt 0:00:26]} f5 {[%emt 0:00:40]} 30. Nxf5 {[%emt 0:02:30]} Rh1+ {[%emt 0:00:39]} 31. Bf1 {[%emt 0:00:10]} Qxf5 {[%emt 0:02:29]} 32. Qe2 {[%emt 0:02:52]} Bh4+ {[%emt 0:03:45]} 33. Nf2+ {[%emt 0:00:57]} Kd7 {[%emt 0:00:09]} 34. O-O-O {[%emt 0:00:39]} Bxf2 {[%emt 0:01:41]} 0-1

[Event "DFMMLV 2019"]
[Site "Braunfels"]
[Date "2019.06.21"]
[Round "2.38"]
[White "Schulz, Theresa Charlotte"]
[Black "Albayrak, Nese Pinar"]
[Result "1-0"]
[WhiteElo "1603"]
[BlackElo "1530"]
[Annotator "NA RC"]
[PlyCount "49"]
[EventDate "2019.06.20"]
[EventType "team-tourn"]
[EventCountry "GER"]
[SourceTitle "playchess.com"]
[Source "ChessBase"]
[SourceQuality "1"]
[WhiteTeam "Thueringen"]
[BlackTeam "Bayern 2"]
[TimeControl "40/5400+30:1800+30"]

1. e4 {[%emt 0:00:00]} e5 {[%emt 0:00:00]} 2. Nf3 {[%emt 0:00:00]} Nc6 {[%emt 0:00:00]} 3. d4 {[%emt 0:00:00]} exd4 {[%emt 0:00:00]} 4. Bc4 {[%emt 0:00:00]} Nf6 {[%emt 0:01:06]} 5. e5 {[%emt 0:00:05]} d5 {[%emt 0:02:10]} 6. Bb5 {[%emt 0:00:08]} Nd7 {[%emt 0:02:21]} 7. O-O {[%emt 0:01:35]} Bc5 {[%emt 0:04:37]} 8. Bg5 {[%emt 0:02:33]} Be7 {[%emt 0:01:35]} 9. Bxc6 {[%emt 0:09:18]} Bxg5 {[%emt 0:12:19]} 10. Nxd4 {[%emt 0:05:52]} O-O {[%emt 0:01:00]} 11. Bxd5 {[%emt 0:09:10]} Nxe5 {[%emt 0:05:54]} 12. Nc3 {[%emt 0:00:37]} c6 {[%emt 0:04:24]} 13. Bb3 {[%emt 0:01:40]} Bg4 {[%emt 0:19:07]} 14. Nde2 {[%emt 0:05:52]} Qb6 {[%emt 0:09:08]} 15. Na4 {[%emt 0:05:29]} Qa6 {[%emt 0:01:13]} 16. f3 {[%emt 0:03:09]} Rad8 {[%emt 0:01:44]} 17. Qe1 {[%emt 0:00:42]} b5 {[%emt 0:11:58]} 18. Nac3 {[%emt 0:03:41]} Qb6+ {[%emt 0:00:29]} 19. Kh1 {[%emt 0:00:19]} c5 {[%emt 0:13:20]} 20. Ne4 {[%emt 0:15:16]} Bh6 {[%emt 0:01:41]} 21. fxg4 {[%emt 0:02:22]} Nxg4 {[%emt 0:04:07]} 22. Qh4 {[%emt 0:11:44]} Ne3 {[%emt 0:01:36]} 23. Rf6 {[%emt 0:03:38]} Qc7 {[%emt 0:00:55]} 24. Rxh6 {[%emt 0:00:40]} gxh6 {[%emt 0:00:23]} 25. Qxh6 {[%emt 0:00:37]} 1-0

[Event "DFMMLV 2019"]
[Site "Braunfels"]
[Date "2019.06.21"]
[Round "2.39"]
[White "Weber, Leonora"]
[Black "Neumann, Tina"]
[Result "1-0"]
[WhiteElo "1712"]
[BlackElo "1525"]
[Annotator "NA RC"]
[PlyCount "98"]
[EventDate "2019.06.20"]
[EventType "team-tourn"]
[EventCountry "GER"]
[SourceTitle "playchess.com"]
[Source "ChessBase"]
[SourceQuality "1"]
[WhiteTeam "Bayern 2"]
[BlackTeam "Thueringen"]
[TimeControl "40/5400+30:1800+30"]

1. e4 {[%emt 0:00:00]} d5 {[%emt 0:00:00]} 2. exd5 {[%emt 0:00:00]} Qxd5 {[%emt 0:00:47]} 3. Nc3 {[%emt 0:00:03]} Qa5 {[%emt 0:00:04]} 4. d4 {[%emt 0:01:53]} Nf6 {[%emt 0:00:11]} 5. Nf3 {[%emt 0:08:07]} Bf5 {[%emt 0:00:28]} 6. Bc4 {[%emt 0:10:50]} c6 {[%emt 0:00:37]} 7. O-O {[%emt 0:06:16]} e6 {[%emt 0:03:47]} 8. Re1 {[%emt 0:11:02]} Nbd7 {[%emt 0:03:12]} 9. Ne5 {[%emt 0:20:09]} Nxe5 {[%emt 0:09:26]} 10. Rxe5 {[%emt 0:00:40]} Qc7 {[%emt 0:02:09]} 11. Qe2 {[%emt 0:03:28]} Ng4 {[%emt 0:27:45]} 12. Bf4 {[%emt 0:27:10]} Nxe5 {[%emt 0:00:58]} 13. Bxe5 {[%emt 0:00:01]} Bd6 {[%emt 0:13:45]} 14. g4 {[%emt 0:01:16]} Bxe5 {[%emt 0:08:34]} 15. dxe5 {[%emt 0:01:59]} Bg6 {[%emt 0:01:41]} 16. h4 {[%emt 0:00:06]} h5 {[%emt 0:04:21]} 17. g5 {[%emt 0:01:11]} O-O-O {[%emt 0:01:02]} 18. Rd1 {[%emt 0:00:45]} Rxd1+ {[%emt 0:00:18]} 19. Nxd1 {[%emt 0:00:29]} Rd8 {[%emt 0:00:51]} 20. c3 {[%emt 0:00:29]} Qd7 {[%emt 0:03:54]} 21. Ne3 {[%emt 0:01:30]} b5 {[%emt 0:02:46]} 22. Bb3 {[%emt 0:00:12]} Qd2 {[%emt 0:01:24]} 23. Qf3 {[%emt 0:00:13]} Kc7 {[%emt 0:01:27]} 24. a4 {[%emt 0:00:21]} Qxb2 {[%emt 0:01:44]} 25. Bc2 {[%emt 0:03:33]} Bxc2 {[%emt 0:02:31]} 26. Nxc2 {[%emt 0:00:04]} Qxc2 {[%emt 0:00:55]} 27. Qxf7+ {[%emt 0:00:04]} Rd7 {[%emt 0:00:48]} 28. Qxe6 {[%emt 0:00:02]} Rd1+ {[%emt 0:00:45]} 29. Kg2 {[%emt 0:00:12]} Qe4+ {[%emt 0:00:41]} 30. f3 {[%emt 0:00:28]} Qe2+ {[%emt 0:02:44]} 31. Kg3 {[%emt 0:00:13]} Rg1+ {[%emt 0:00:56]} 32. Kf4 {[%emt 0:00:08]} Qd2+ {[%emt 0:00:16]} 33. Kf5 {[%emt 0:01:31]} Qd7 {[%emt 0:03:33]} 34. Qxd7+ {[%emt 0:01:54]} Kxd7 {[%emt 0:00:00]} 35. Kg6 {[%emt 0:00:09]} bxa4 {[%emt 0:00:25]} 36. f4 {[%emt 0:00:57]} Ke6 {[%emt 0:01:15]} 37. Kxg7 {[%emt 0:00:29]} a3 {[%emt 0:00:53]} 38. Kg6 {[%emt 0:00:26]} a2 {[%emt 0:00:10]} 39. f5+ {[%emt 0:00:04]} Kxe5 {[%emt 0:00:54]} 40. f6 {[%emt 0:00:06]} a1=Q {[%emt 0:00:47]} 41. f7 {[%emt 0:30:53]} Qb1+ {[%emt 0:31:05]} 42. Kg7 {[%emt 0:00:36]} Qb7 {[%emt 0:00:35]} 43. Kg8 {[%emt 0:00:44]} Qxf7+ {[%emt 0:00:00]} 44. Kxf7 {[%emt 0:00:00]} Kf5 {[%emt 0:00:00]} 45. c4 {[%emt 0:00:00]} a5 {[%emt 0:00:00]} 46. c5 {[%emt 0:00:00]} a4 {[%emt 0:00:00]} 47. Ke7 {[%emt 0:00:00]} Rd1 {[%emt 0:00:00]} 48. Kf7 {[%emt 0:00:00]} Rd7+ {[%emt 0:00:00]} 49. Ke8 {[%emt 0:00:00]} Ra7 {[%emt 0:00:00]} 1-0

[Event "DFMMLV 2019"]
[Site "Braunfels"]
[Date "2019.06.21"]
[Round "2.40"]
[White "Meyer, Jessica"]
[Black "Albayrak, Berrak"]
[Result "1-0"]
[WhiteElo "1344"]
[BlackElo "1491"]
[Annotator "NA RC"]
[PlyCount "63"]
[EventDate "2019.06.20"]
[EventType "team-tourn"]
[EventCountry "GER"]
[SourceTitle "playchess.com"]
[Source "ChessBase"]
[SourceQuality "1"]
[WhiteTeam "Thueringen"]
[BlackTeam "Bayern 2"]
[TimeControl "40/5400+30:1800+30"]

1. a3 {[%emt 0:00:00]} Nf6 {[%emt 0:00:36]} 2. Nf3 {[%emt 0:00:32]} d5 {[%emt 0:01:13]} 3. d4 {[%emt 0:01:28]} e6 {[%emt 0:01:42]} 4. b4 {[%emt 0:02:55]} b6 {[%emt 0:05:49]} 5. e3 {[%emt 0:04:49]} c5 {[%emt 0:03:35]} 6. bxc5 {[%emt 0:13:05]} bxc5 {[%emt 0:00:40]} 7. c4 {[%emt 0:04:52]} Nc6 {[%emt 0:20:34]} 8. cxd5 {[%emt 0:11:32]} Nxd5 {[%emt 0:00:38]} 9. Bb2 {[%emt 0:10:22]} Rb8 {[%emt 0:09:20]} 10. Qc2 {[%emt 0:09:30]} Qb6 {[%emt 0:04:11]} 11. Bc3 {[%emt 0:04:12]} Bd7 {[%emt 0:11:18]} 12. Bd3 {[%emt 0:02:40]} Qb3 {[%emt 0:05:05]} 13. Qxb3 {[%emt 0:13:42]} Rxb3 {[%emt 0:00:06]} 14. Kd2 {[%emt 0:01:02]} Nxc3 {[%emt 0:02:01]} 15. Nxc3 {[%emt 0:00:09]} cxd4 {[%emt 0:01:25]} 16. Nxd4 {[%emt 0:01:15]} Nxd4 {[%emt 0:04:16]} 17. exd4 {[%emt 0:00:05]} Bxa3 {[%emt 0:05:54]} 18. Bc2 {[%emt 0:01:17]} Rxc3 {[%emt 0:02:53]} 19. Kxc3 {[%emt 0:02:06]} Bd6 {[%emt 0:00:38]} 20. Rxa7 {[%emt 0:01:13]} Ke7 {[%emt 0:01:19]} 21. Rb1 {[%emt 0:01:48]} Rc8+ {[%emt 0:01:45]} 22. Kd3 {[%emt 0:00:39]} Rd8 {[%emt 0:05:49]} 23. Rbb7 {[%emt 0:00:40]} Ke8 {[%emt 0:00:53]} 24. Ba4 {[%emt 0:01:24]} Bxa4 {[%emt 0:00:56]} 25. Rxa4 {[%emt 0:00:10]} Bc5 {[%emt 0:02:43]} 26. Rc4 {[%emt 0:03:30]} Bd6 {[%emt 0:00:31]} 27. Ra4 {[%emt 0:01:42]} Bc5 {[%emt 0:01:30]} 28. Ke4 {[%emt 0:00:29]} Bd6 {[%emt 0:01:34]} 29. Raa7 {[%emt 0:01:56]} f5+ {[%emt 0:00:29]} 30. Kf3 {[%emt 0:01:42]} Bf8 {[%emt 0:00:25]} 31. Ra6 {[%emt 0:00:48]} Bd6 {[%emt 0:00:44]} 32. Rxg7 {[%emt 0:00:46]} 1-0